| 000 | 01017nas a2200337 4500 | ||
|---|---|---|---|
| 001 | BR2010001820 | ||
| 003 | BR-BrBNA | ||
| 005 | 20231205114215.0 | ||
| 007 | ta | ||
| 008 | 230509b bl.|||p| |||| 00| 00por d | ||
| 040 |
_aBR-BrBNA _bpor _cBiblioteca Nacional de Agricultura |
||
| 041 | _a(Pt) | ||
| 072 | _aQ03 | ||
| 100 | 1 | _aFaria, V.H.F. de | |
| 100 | 1 | _aDias, B.M. | |
| 100 | 1 | _aCosta, M.C.M. da | |
| 100 | 1 | _aSilva, V.R. da | |
| 100 | 1 | _aDrummond, A.L. | |
| 100 | 1 | _aFranco, V.P. | |
| 100 | 1 | _aCunha, M.R.R. da | |
| 100 | 1 | _aFrankilin, H.M.O.H. | |
| 100 | 1 | _aPeixoto, T.M.A.G. | |
| 245 | 1 | _aAvaliação de resíduos de agrotóxicos em polpas de morango industrializadas | |
| 650 | _aMORANGO | ||
| 650 | _aAGROTÓXICO | ||
| 650 | _aEFEITO RESIDUAL | ||
| 650 | _aCROMATOGRAFIA | ||
| 773 | 0 |
_tPesticidas. Revista de Ecotoxicologia e Meio Ambiente (Brazil) _xISSN 0103-7277 _g(Jan-Dec 2009), v. 19 p. 49-56 _wBR2010001820 |
|
| 909 |
_a202311 _bLúcia _c55 _dLúcia Elande |
||
| 942 |
_2AGRIS _n0 _cANA |
||
| 999 |
_c207602 _d207602 |
||